Open Data Biblioteca Nacional de Portugal


República Portuguesa: Ministério da Cultura
Biblioteca Nacional de Portugal

Catálogo da BNP: acesso por Identificadores Unívocos
Registos Bibliográficos associados ao registo de autoridade

Etiqueta de registo: 00539cam 22001691i 450
001 1213152
003 http://id.bnportugal.gov.pt/bib/catbnp/1213152
100 ## $a20020304f18001899m y0pory010305 ba
101 0# $afre
200 1# $aNouveaux éléments de Matière Médicale et de Thérapeutique$eExposé de l'action physiologique et thérapeutique des médicaments$fH. Nothnagel, M. J. Rossbach
210 #9 $a[S.l.$cs.n.$d18--]
215 ## $a1 v.
300 ## $aOuvrage traduit sur la 6me. é
700 #1 $aNothnagel,$bHermann, $f1841-1905$31172462
701 #1 $aRossbach,$bM. J.$4070$31172463
801 #0 $aPT$bBN
801 #1 $aFR$bJOUVE
966 ## $lBN$mFGMON$sS.A. 3039 A.$x0
997 ## $aBIBEOD

OpendataBNP@bnportugal.pt | Mais informação sobre acesso aos dados BNP